| 000 | 00712nam a2200217 a 4500 | ||
|---|---|---|---|
| 005 | 20240320063703.0 | ||
| 008 | 050828s1985 mx r 000 0 spa d | ||
| 020 | _a9682200040 | ||
| 035 | _aUPN01000139871 | ||
| 049 | _aCG | ||
| 050 | 4 |
_aPS3507 O7.43 _bA5.6 |
|
| 100 | 1 |
_aDos Passos, John, _d1896-1970 _940238 |
|
| 245 | 1 | 0 |
_aAños inolvidables / _cJohn Dos Passos ; tr. José Luis López Muñoz. |
| 260 |
_aMéxico : _bOrigen : _bSeix-Barral, _c1985. |
||
| 300 | _a282 p. | ||
| 440 | 0 |
_aObras maestras del siglo XX ; _v71 |
|
| 534 |
_pTítulo original: _tThe best times an informal memoir |
||
| 650 | 4 |
_aNovela estadounidense _94462 |
|
| 650 | 2 |
_aLiteratura estadounidense _ySiglo XX _95165 |
|
| 905 | _aLibro | ||
| 999 |
_c112019 _d112019 |
||